000 00811nam a2200217 a 4500
003 0
005 20250410083056.0
008 970101s19uu xx 00 eng d
050 _aPGS HQ 784.C45
_b.Y68 2004
100 _aYoung, Jessica B.
245 _aThe effects of allowing grade six students to use their cellphone during their breaks (SY 2003-2004) /
_cJessica B. Young.
260 _aLas PiƱas City, Philippines :
_bSouthville International School and Colleges,
_c2004.
300 _a25 pages :
_billustrations ;
_c28 cm.
504 _aIncludes bibliographical references.
650 _aCell phones and children.
650 _aCell phone use in education.
650 _aBreaks (Education).
650 _aSchool children
_v Attitudes.
650 _aTechnology and youth.
942 _2lcc
_cPASS
999 _c97072
_d97072